000 00394nam a22001697a 4500
003 OSt
005 20260417133529.0
008 260417b |||||||| |||| 00| 0 eng d
020 _a9781398531666
040 _cBGL
100 _aGingeras Ryan
245 _aMafia : A Global History
260 _aNew Delhi
_bSimon & Schuster
_c2026
300 _a424p
600 _aGeneral
942 _2ddc
_cREF
999 _c44375
_d44375